=LDR 00000nam 2200000 4500 =001 INLIS000000000022056 =005 20130612120843 =008 ***********************************Ind** =035 ##$$0010-061300000022056 =041 ##$$a Ind =082 ##$$a 811 =090 ##$$a 811, Ran p =100 ##$$a Rendra =245 ##$$a Potret pembangunan dalam puisi, Rendra =260 ##$$a 1974 $b Yogya =300 ##$$a 102 hlm, 21 cm =650 ##$$a Puisi =850 ##$$a NBPNMAT